My First Pocket Guide: Reptiles & Amphibians / (Record no. 5002)

MARC details
000 -LEADER
fixed length control field 00969nam a22002537a 4500
001 - CONTROL NUMBER
control field 5002
003 - CONTROL NUMBER IDENTIFIER
control field FISKH
005 - DATE AND TIME OF LATEST TRANSACTION
control field 20241031114747.0
008 - FIXED-LENGTH DATA ELEMENTS--GENERAL INFORMATION
fixed length control field 241031b cb ||||| |||| 00| 0 eng d
020 ## - INTERNATIONAL STANDARD BOOK NUMBER
International Standard Book Number 9780792234197
040 ## - CATALOGING SOURCE
Original cataloging agency FISKH
Language of cataloging eng
Transcribing agency FISKH
Modifying agency FISKH
050 ## - LIBRARY OF CONGRESS CALL NUMBER
Classification number QL644.C67
082 ## - DEWEY DECIMAL CLASSIFICATION NUMBER
Classification number 597.9
100 ## - MAIN ENTRY--PERSONAL NAME
Personal name Craig, Claire
245 ## - TITLE STATEMENT
Title My First Pocket Guide: Reptiles & Amphibians /
Statement of responsibility, etc. by Claire Craig
260 ## - PUBLICATION, DISTRIBUTION, ETC.
Place of publication, distribution, etc. Washington :
Name of publisher, distributor, etc. National Geographic Society ;
Date of publication, distribution, etc. 1996.
300 ## - PHYSICAL DESCRIPTION
Extent 80 pages :
Other physical details color illustrations ;
Dimensions 18 cm .
490 ## - SERIES STATEMENT
Series statement National Geographic: My First Pocket Guide
520 ## - SUMMARY, ETC.
Summary, etc. Examines the characteristics and behavior of lizards, snakes, turtles, crocodiles, alligators, frogs, toads, and salamanders and discusses where to find them and what to look for such as size color, behavior and other features.
650 ## - SUBJECT ADDED ENTRY--TOPICAL TERM
Topical term or geographic name entry element amphibians
Form subdivision non-fiction
700 ## - ADDED ENTRY--PERSONAL NAME
Personal name Kirshner, David S.
Relator term illustrator
942 ## - ADDED ENTRY ELEMENTS (KOHA)
Source of classification or shelving scheme Dewey Decimal Classification
Koha item type Books
Suppress in OPAC No
Holdings
Withdrawn status Lost status Source of classification or shelving scheme Damaged status Not for loan Collection Home library Current library Shelving location Date acquired Total Checkouts Full call number Barcode Date last seen Price effective from Koha item type
    Dewey Decimal Classification     Non-Fiction Footprints International School Library Network Toul Kork Campus Footprints International School Library Network Toul Kork Campus TTP Secondary Non-Fiction Bookshelves 10/31/2024   CRA 597.9 QL644.C67 FIS02736 10/31/2024 10/31/2024 Books